000 00380 a2200169 4500
001 189026
020 _a978-85-7302774-7
040 _cMagnum
100 _aFalcão, Adriana
240 1 0 _aSonho de uma noite de verão
_lpor
245 1 0 _aSonho de uma noite de verão
300 _a150
362 0 _a2007
440 1 _aObjetiva
697 _aLITERATURA JUVENIL
942 _cBK
999 _c189026
_d189026